Donovaly Rekreačné stredisko Závodu SNP, nositeľa Radu práce, Žiar nad Hronom panoráma Donovalov, v pozadí Prašivá : Donovaly : rekreačné stredisko Závodu SNP : plavecký bazén : interiér rekreačného strediska : pohľad z Krížnej na Vysoké a Nízke Tatry

Zobrazenie: Šesť čiastkových pohľadov, každý v bielom orámovaní, všetky spolu v hnedom orámovaní. Vľavo je medzi pohľadmi zvislo modrým písmom názov na bielom podklade. Vpravo je zvislo medzi pohľadmi modrý ornament geometrických tvarov. Pohľad na rozsiahle lúky, vľavo v pozadí je rad hustých stromo...

Full description

Bibliographic Details
Other Authors: Schreiber, Bedrich (fotograf) (Photographer)
Format: Photo
Language:Slovak
PhysicalDescription:1 pohľadnica (6 čiastkových pohľadov) farebná 11 x 22 cm
Published: Bratislava Pravda 1978
Subjects:

MARC

LEADER 00000nkm a2200000 a 4500
001 vtls012076676
003 SK-MaSNL
005 20260331212152.0
007 kf co
008 211109s1978 xo g kuslo
015 |a SNBG1978 
040 |a SNK  |b slo  |c SNK  |e AACR2 
041 0 |a slo 
043 |a e-pl---  |a e-xo--- 
044 |a xo  |c SK 
072 7 |a 908(437)  |x Vlastiveda Česka a Slovenska  |2 konspekt 
080 |a 908(437.6)  |2 2011 
080 |a 728.3  |2 2011 
080 |a 725.84  |2 2011 
080 |a 725.1:613.47  |2 2011 
080 |a 640.412  |2 2011 
080 |a 633.2.03  |2 2011 
080 |a 630*10  |2 2011 
080 |a (084.121)  |2 2011 
080 |a 911.2(23.0)  |2 2011 
080 |a 913(437.6)  |2 2011 
080 |a 551.24.055  |2 2011 
080 |a 711.455  |2 2011 
080 |a (234.372.4)  |2 2011 
100 1 |a Schreiber, Bedrich  |c (fotograf)  |4 pht  |9 283348 
245 1 0 |a Donovaly Rekreačné stredisko Závodu SNP, nositeľa Radu práce, Žiar nad Hronom  |h grafika  |b panoráma Donovalov, v pozadí Prašivá : Donovaly : rekreačné stredisko Závodu SNP : plavecký bazén : interiér rekreačného strediska : pohľad z Krížnej na Vysoké a Nízke Tatry  |c foto Bedrich Schreiber 
246 1 |i Názov na obrazovej časti:  |a Donovaly 
260 |a Bratislava  |b Pravda  |c 1978  |e [Bratislava]  |f TZP-B 
300 |a 1 pohľadnica (6 čiastkových pohľadov)  |b farebná  |c 11 x 22 cm 
520 8 |a Zobrazenie: Šesť čiastkových pohľadov, každý v bielom orámovaní, všetky spolu v hnedom orámovaní. Vľavo je medzi pohľadmi zvislo modrým písmom názov na bielom podklade. Vpravo je zvislo medzi pohľadmi modrý ornament geometrických tvarov. Pohľad na rozsiahle lúky, vľavo v pozadí je rad hustých stromov, v diaľke sú vysoké hory. Pohľad na rodinné domy v doline pod lúčnymi svahmi. Vľavo je medzi domami hlavná cesta. V pozadí je husto zalesnená hora. Hore zasahuje do záberu niekoľko konárov ihličnatého stromu. Pohľad na hotel, rekreačné zariadenie so šikmou strechou aj po stranách budovy až po prízemie. Pred ním parkujú osobné autá. Celkom vpredu zasahujú do záberu v spodnej časti koruny listnatých stromov. Pohľad na interiér hotela, na vnútorný bazén. Vľavo je v ňom vidno dvoch ľudí, vpravo je na jeho okraji jedna žena. Uprostred bazéna je stena, v pozadí sú vysoké okná. Pohľad na interiér hotela, na chodbu s konferenčným stolíkom a fotelkami okolo neho, strop je šikmý, s dreveným obkladom. Vpravo je zábradlie schodišťa. Pohľad na trávnatý hrebeň a výhľad na vysoké hory a ich štíty v diaľke 
610 2 7 |a Smrekovec (rekreačné stredisko : Donovaly, Slovensko)  |2 SNKKA  |9 508242 
650 0 7 |a lúky  |2 SNKPH  |9 3676 
650 0 7 |a lesy  |2 SNKPH  |9 1437 
650 0 7 |a hory  |2 SNKPH  |9 55651 
650 0 7 |a rodinné domy  |2 SNKPH  |9 2984 
650 0 7 |a hotely  |2 SNKPH  |9 18422 
650 0 7 |a rekreačné zariadenia  |2 SNKPH  |9 3012 
650 0 7 |a vrchy a štíty  |2 SNKPH  |9 165131 
650 0 7 |a bazény  |2 SNKPH  |9 30214 
650 0 7 |a rekreačné oblasti  |2 SNKPH  |9 69057 
651 7 |a Donovaly (Slovensko)  |2 SNKPHgeo  |9 14559 
651 7 |a Prašivá (Nízke Tatry, Slovensko : vrch)  |2 SNKPHgeo  |9 225210 
651 7 |a Nízke Tatry (Slovensko : pohorie)  |2 SNKPHgeo  |9 173011 
651 7 |a Vysoké Tatry (Poľsko a Slovensko : pohorie)  |2 SNKPHgeo  |9 67729 
655 7 |a geografické pohľadnice  |2 SNKPH  |9 70522 
655 7 |a miestne pohľadnice  |2 SNKPH  |9 70510 
958 |a GC 
958 |a GBN 
958 |a OND 
999 |c 784249  |d 786179 
952 |a SNK  |b SNK  |y PREZ  |7 0  |p 17A1410074  |o snkSP 105651  |0 0  |1 0  |4 0  |d 2021-11-09  |f 1  |l 0  |r 2026-02-24 01:15:24  |w 2026-02-24 
952 |a SNK  |b SNK  |y PREZ  |7 0  |p 17A1410120  |o snkSP 105651 D1  |0 0  |1 0  |4 0  |d 2021-11-09  |l 0  |r 2026-02-24 01:15:24  |w 2026-02-24